00373nam a22001097a 4500008004100000082001500041100002400056245005100080250001400131260003200145650008600177200317b ||||| |||| 00| 0 eng d a610.28 JYP aJyothi , B. Jeevana aPractical Manual of Pharmaceutical Engineering a5thb2019 aNew DelhibNirali Prakashan aPharmaceutics- Drug Delivery Systems,Pharmaceutical Engineering regulraty Science